[Event "DSJ Weihnachtsturnier U16: Steinitz 2020"]
[Site ""]
[Date "2020.12.28"]
[Round "6"]
[White "Wehrstedt, Raphael"]
[Black "Möller, Maurin"]
[Result "0-1"]
[Termination "time forfeit"]
[Board "8.1"]
[WhiteElo "1592"]
[BlackElo "1627"]
[WhiteTeam "SK Johanneum Eppendorf"]
[BlackTeam "SK Blauer Springer Paderborn 1926"]
[PlyCount "66"]
[WhiteFideId "34613781"]
[BlackFideId "16265696"]
[EventRounds "7"]
[EventType "team-swiss"]
[EventDate "2020.12.28"]

1. d4 {[%emt 0:00:08]} d5 {[%emt 0:00:02]} 2. c4 {[%emt 0:00:01]} c6 {[%emt
0:00:02]} 3. Nf3 {[%emt 0:00:03]} e6 {[%emt 0:00:01]} 4. Nc3 {[%emt 0:00:04]}
Nf6 {[%emt 0:00:02]} 5. Bg5 {[%emt 0:00:02]} Be7 {[%emt 0:00:02]} 6. e3 {[%emt
0:00:06]} O-O {[%emt 0:00:02]} 7. Bd3 {[%emt 0:00:03]} dxc4 {[%emt 0:00:02]} 8.
Bxc4 {[%emt 0:00:00]} b5 {[%emt 0:00:01]} 9. Bd3 {[%emt 0:00:02]} Bb7 {[%emt
0:00:01]} 10. O-O {[%emt 0:00:02]} Nbd7 {[%emt 0:00:02]} 11. Qc2 {[%emt
0:00:10]} a6 {[%emt 0:00:03]} 12. Ne4 {[%emt 0:00:23]} h6 {[%emt 0:00:18]} 13.
Bf4 { [%emt 0:00:38]} Nd5 {[%emt 0:00:08]} 14. Nd6 {[%emt 0:01:21]} Nxf4 {[%emt
0:01:17]} 15. Nxb7 {[%emt 0:00:13]} Qc7 {[%emt 0:00:01]} 16. exf4 {[%emt
0:00:15]} Qxb7 {[%emt 0:00:03]} 17. Be4 {[%emt 0:00:09]} Rac8 {[%emt 0:00:03]}
18. Rac1 { [%emt 0:00:09]} Nf6 {[%emt 0:00:12]} 19. Bxc6 {[%emt 0:00:38]} Qb6
{[%emt 0:00:02]} 20. Rfd1 {[%emt 0:00:25]} Nd5 {[%emt 0:00:11]} 21. Ne5 {[%emt
0:00:12]} Rfd8 {[%emt 0:00:37]} 22. Qe4 {[%emt 0:00:31]} Nf6 {[%emt 0:00:28]}
23. Qf3 { [%emt 0:00:11]} Rxd4 {[%emt 0:00:07]} 24. Rxd4 {[%emt 0:00:27]} Qxd4
{[%emt 0:00:00]} 25. b3 {[%emt 0:00:50]} Nd5 {[%emt 0:00:10]} 26. Rd1 {[%emt
0:00:14]} Qxf4 {[%emt 0:00:55]} 27. Qxf4 {[%emt 0:01:31]} Nxf4 {[%emt 0:00:00]}
28. Bb7 { [%emt 0:00:32]} Rc2 {[%emt 0:00:26]} 29. Bxa6 {[%emt 0:00:12]} b4
{[%emt 0:00:12]} 30. Nc6 {[%emt 0:00:13]} Bc5 {[%emt 0:00:08]} 31. Rf1 {[%emt
0:01:10]} Rxa2 {[%emt 0:00:16]} 32. Bb5 {[%emt 0:00:06]} Rb2 {[%emt 0:00:08]}
33. g3 { [%emt 0:00:03]} Nh3+ {[%emt 0:00:03] TimeW} 0-1

[Event "DSJ Weihnachtsturnier U16: Steinitz 2020"]
[Site ""]
[Date "2020.12.28"]
[Round "6"]
[White "Klahold, Rona"]
[Black "Miller, Jonathan"]
[Result "1-0"]
[Termination "normal"]
[Board "8.2"]
[WhiteElo "1547"]
[BlackElo "1507"]
[WhiteTeam "SK Blauer Springer Paderborn 1926"]
[BlackTeam "SK Johanneum Eppendorf"]
[PlyCount "118"]
[WhiteFideId "16222970"]
[BlackFideId "34631585"]
[EventRounds "7"]
[EventType "team-swiss"]
[EventDate "2020.12.28"]

1. d4 {[%emt 0:00:57]} Nf6 {[%emt 0:00:07]} 2. Bf4 { [%emt 0:00:06]} c5 {[%emt
0:00:06]} 3. e3 {[%emt 0:00:03]} Nc6 {[%emt 0:00:05]} 4. c3 {[%emt 0:00:06]}
Qb6 {[%emt 0:00:06]} 5. Qb3 {[%emt 0:00:12]} Qxb3 { [%emt 0:00:20]} 6. axb3
{[%emt 0:00:04]} cxd4 {[%emt 0:00:02]} 7. exd4 { [%emt 0:00:03]} d6 {[%emt
0:00:04]} 8. Bb5 {[%emt 0:00:06]} a6 {[%emt 0:00:12]} 9. c4 {[%emt 0:00:31]}
Bd7 {[%emt 0:00:10]} 10. d5 {[%emt 0:00:13]} Nd4 { [%emt 0:00:06]} 11. Bxd7+
{[%emt 0:00:05]} Nxd7 {[%emt 0:00:09]} 12. Kd1 { [%emt 0:00:08]} Nxb3 {[%emt
0:00:05]} 13. Ra3 {[%emt 0:00:03]} Nbc5 {[%emt 0:00:02]} 14. Nf3 {[%emt
0:00:06]} g6 {[%emt 0:00:02]} 15. Re1 {[%emt 0:00:07]} Bg7 {[%emt 0:00:01]} 16.
Bxd6 {[%emt 0:00:04]} O-O {[%emt 0:00:18]} 17. Bxe7 { [%emt 0:00:11]} Rfe8
{[%emt 0:00:01]} 18. Kc2 {[%emt 0:00:38]} Rac8 {[%emt 0:00:17]} 19. Rae3 {[%emt
0:00:29]} Na4 {[%emt 0:02:32]} 20. b3 {[%emt 0:00:16]} Nab6 {[%emt 0:00:11]}
21. Nbd2 {[%emt 0:00:24]} Bf8 {[%emt 0:00:25]} 22. Bxf8 { [%emt 0:00:08]} Rxe3
{[%emt 0:00:24]} 23. Rxe3 {[%emt 0:00:05]} Nxf8 {[%emt 0:00:01]} 24. Re7 {[%emt
0:00:20]} Nfd7 {[%emt 0:00:49]} 25. Ng5 {[%emt 0:00:20]} h6 {[%emt 0:00:34]}
26. Nge4 {[%emt 0:00:21]} Kf8 {[%emt 0:00:18]} 27. d6 { [%emt 0:00:22]} Re8
{[%emt 0:00:35]} 28. Rxe8+ {[%emt 0:00:08]} Kxe8 {[%emt 0:00:00]} 29. c5 {[%emt
0:00:02]} Nc8 {[%emt 0:00:07]} 30. Nc4 {[%emt 0:00:19]} Na7 {[%emt 0:00:07]}
31. Na5 {[%emt 0:00:09]} f5 {[%emt 0:00:15]} 32. Nc3 { [%emt 0:00:12]} Nxc5
{[%emt 0:00:04]} 33. b4 {[%emt 0:00:09]} Nd7 {[%emt 0:00:32]} 34. Nxb7 {[%emt
0:00:05]} Nc6 {[%emt 0:00:02]} 35. Nd5 {[%emt 0:00:17]} Ncb8 {[%emt 0:00:09]}
36. Kd3 {[%emt 0:00:14]} Kf7 {[%emt 0:00:05]} 37. Nc7 { [%emt 0:00:09]} Kf6
{[%emt 0:00:06]} 38. Kd4 {[%emt 0:00:11]} Nc6+ {[%emt 0:00:28]} 39. Kc4 {[%emt
0:00:13]} Ncb8 {[%emt 0:00:03]} 40. Nc5 {[%emt 0:00:08]} Nb6+ {[%emt 0:00:25]}
41. Kd3 {[%emt 0:00:20]} g5 {[%emt 0:00:12]} 42. N7xa6 { [%emt 0:00:13]} Nxa6
{[%emt 0:00:13] SKJE2-002 offers a draw} 43. Nxa6 { [%emt 0:00:10]} Ke6 {[%emt
0:00:02]} 44. Nc5+ {[%emt 0:00:23]} Kxd6 {[%emt 0:00:01]} 45. Kd4 {[%emt
0:00:01]} Nd5 {[%emt 0:00:09]} 46. Nb7+ {[%emt 0:00:12]} Kc6 {[%emt 0:00:03]}
47. b5+ {[%emt 0:00:09]} Kxb7 {[%emt 0:00:07]} 48. Kxd5 { [%emt 0:00:02]} Kb6
{[%emt 0:00:00]} 49. Ke5 {[%emt 0:00:03]} f4 {[%emt 0:00:01]} 50. Kf5 {[%emt
0:00:02]} Kxb5 {[%emt 0:00:00]} 51. Kg6 {[%emt 0:00:01]} Kc4 {[%emt 0:00:00]}
52. Kxh6 {[%emt 0:00:01]} Kd3 {[%emt 0:00:00]} 53. Kxg5 { [%emt 0:00:01]} Ke4
{[%emt 0:00:02]} 54. h4 {[%emt 0:00:04]} f3 {[%emt 0:00:02] } 55. gxf3+ {[%emt
0:00:05]} Kxf3 {[%emt 0:00:00]} 56. h5 {[%emt 0:00:01]} Kxf2 {[%emt 0:00:01]}
57. h6 {[%emt 0:00:01]} Ke3 {[%emt 0:00:00]} 58. h7 {[%emt 0:00:01]} Ke4 {[%emt
0:00:00]} 59. h8=Q {[%emt 0:00:02]} Kd5 {[%emt 0:00:01]} 1-0

[Event "DSJ Weihnachtsturnier U16: Steinitz 2020"]
[Site ""]
[Date "2020.12.28"]
[Round "6"]
[White "Klerx, Philipp"]
[Black "Hense, Toralf"]
[Result "0-1"]
[Termination "normal"]
[Board "8.4"]
[WhiteElo "1253"]
[BlackElo "1470"]
[WhiteTeam "SK Blauer Springer Paderborn 1926"]
[BlackTeam "SK Johanneum Eppendorf"]
[PlyCount "78"]
[WhiteFideId "34640274"]
[EventRounds "7"]
[EventType "team-swiss"]
[EventDate "2020.12.28"]

1. e4 {[%emt 0:00:00] Paderb2-004 reconnected.} e6 { [%emt 0:00:05]} 2. d4
{[%emt 0:00:02]} d5 {[%emt 0:00:11]} 3. e5 {[%emt 0:00:01]} c5 {[%emt 0:00:03]}
4. c3 {[%emt 0:00:02]} Nc6 {[%emt 0:00:02]} 5. Nf3 { [%emt 0:00:06]} Qb6 {[%emt
0:00:09] Paderb2-004 reconnected.} 6. Be2 {[%emt 0:00:09]} cxd4 {[%emt
0:00:16]} 7. cxd4 {[%emt 0:00:04]} f6 {[%emt 0:00:20]} 8. Nc3 {[%emt 0:00:17]}
Bd7 {[%emt 0:00:24] Paderb2-004 reconnected.} 9. O-O { [%emt 0:00:21]} fxe5
{[%emt 0:00:30]} 10. dxe5 {[%emt 0:00:12]} Nge7 {[%emt 0:00:11]} 11. b3 {[%emt
0:00:10]} Nf5 {[%emt 0:00:02]} 12. Bg5 {[%emt 0:00:39] Paderb2-004
reconnected.} Bc5 {[%emt 0:00:29]} 13. Na4 {[%emt 0:00:14]} Qb4 { [%emt
0:00:39]} 14. Bd2 {[%emt 0:00:23]} Qg4 {[%emt 0:00:39]} 15. Nxc5 { [%emt
0:00:12]} Ncd4 {[%emt 0:01:56]} 16. Nxd4 {[%emt 0:00:09]} Qxd4 {[%emt 0:00:09]}
17. Nxd7 {[%emt 0:00:02]} Kxd7 {[%emt 0:00:03]} 18. Bb5+ {[%emt 0:00:02]} Ke7
{[%emt 0:00:04]} 19. Bg5+ {[%emt 0:00:02]} Kf7 {[%emt 0:00:11] Paderb2-004
reconnected.} 20. Qxd4 {[%emt 0:00:28]} Nxd4 {[%emt 0:00:03]} 21. Ba4 {[%emt
0:00:05]} Rac8 {[%emt 0:00:09]} 22. b4 {[%emt 0:00:04]} Rhf8 { [%emt 0:00:12]}
23. f4 {[%emt 0:00:08]} Nf5 {[%emt 0:00:11]} 24. Bc2 {[%emt 0:00:06]} Rxc2
{[%emt 0:00:17]} 25. Rfc1 {[%emt 0:00:10]} Ne3 {[%emt 0:00:44]} 26. Rxc2 {[%emt
0:00:15]} Nxc2 {[%emt 0:00:03]} 27. Rb1 {[%emt 0:00:02]} Nd4 { [%emt 0:00:06]}
28. Rd1 {[%emt 0:00:04]} Nf5 {[%emt 0:00:04]} 29. g4 {[%emt 0:00:05]
Paderb2-004 reconnected.} Ne3 {[%emt 0:00:17]} 30. Rd3 {[%emt 0:00:21]
Paderb2-004 reconnected.} Nxg4 {[%emt 0:00:53] Paderb2-004 reconnected.
Paderb2-004 reconnected.} 31. Rc3 {[%emt 0:00:48]} h6 {[%emt 0:00:26]} 32. Rc7+
{[%emt 0:00:08]} Ke8 {[%emt 0:00:10]} 33. Be7 {[%emt 0:00:05]} Rxf4 {[%emt
0:00:14]} 34. Rxb7 {[%emt 0:00:06]} d4 {[%emt 0:00:11]} 35. Rxa7 {[%emt
0:00:06]} d3 {[%emt 0:00:09]} 36. Bh4 {[%emt 0:00:15]} d2 {[%emt 0:00:06]} 37.
Re7+ { [%emt 0:00:03]} Kf8 {[%emt 0:00:14]} 38. Rd7 {[%emt 0:00:03]} Ne3 {[%emt
0:00:04]} 39. Bg3 {[%emt 0:00:20]} Rf1# {[%emt 0:00:08]} 0-1

[Event "DSJ Weihnachtsturnier U16: Steinitz 2020"]
[Site ""]
[Date "2020.12.28"]
[Round "6"]
[White "Gold, Michael"]
[Black "Werner, Rosalie"]
[Result "1-0"]
[Termination "normal"]
[Board "9.1"]
[WhiteElo "1408"]
[BlackElo "1751"]
[WhiteTeam "SK Kelheim 1920"]
[BlackTeam "VSG 1880 Offenbach"]
[PlyCount "77"]
[WhiteFideId "34605169"]
[BlackFideId "16223748"]
[EventRounds "7"]
[EventType "team-swiss"]
[EventDate "2020.12.28"]

1. e4 {[%emt 0:01:35]} c5 {[%emt 0:00:04]} 2. Nc3 {[%emt 0:00:02]} g6 {[%emt
0:00:08]} 3. g3 {[%emt 0:00:09]} Bg7 {[%emt 0:00:04]} 4. Bg2 {[%emt 0:00:04]}
Nc6 {[%emt 0:00:15]} 5. d3 { [%emt 0:00:04] Offenba3-001 reconnected.} d6
{[%emt 0:00:20]} 6. f4 {[%emt 0:00:06] Offenba3-001 reconnected. Offenba3-001
reconnected. Offenba3-001 reconnected.} e5 {[%emt 0:01:50]} 7. Nf3 {[%emt
0:00:07]} Nge7 {[%emt 0:00:06]} 8. O-O {[%emt 0:00:04]} O-O {[%emt 0:00:03]} 9.
h3 {[%emt 0:00:17]} a6 { [%emt 0:00:04]} 10. g4 {[%emt 0:00:06]} b5 {[%emt
0:00:07]} 11. f5 {[%emt 0:00:04]} b4 {[%emt 0:00:24]} 12. Ne2 {[%emt 0:00:04]}
Bd7 {[%emt 0:00:16]} 13. Ng3 {[%emt 0:00:06]} Qb6 {[%emt 0:00:11]} 14. Be3
{[%emt 0:00:18]} Nd4 {[%emt 0:00:17]} 15. Qd2 {[%emt 0:00:11]} f6 {[%emt
0:00:14]} 16. Nh4 {[%emt 0:00:28]} g5 { [%emt 0:00:11]} 17. Nf3 {[%emt
0:00:06]} Nxf3+ {[%emt 0:00:21]} 18. Bxf3 { [%emt 0:00:03]} h6 {[%emt 0:00:05]}
19. Kg2 {[%emt 0:00:11]} Bb5 {[%emt 0:00:03]} 20. Rh1 {[%emt 0:00:06]} Kf7
{[%emt 0:00:08]} 21. h4 {[%emt 0:00:04]} Rh8 {[%emt 0:00:04]} 22. Rh2 {[%emt
0:00:21]} Rad8 {[%emt 0:00:27]} 23. Rah1 { [%emt 0:00:06]} Qb8 {[%emt 0:00:03]}
24. hxg5 {[%emt 0:00:10]} hxg5 {[%emt 0:00:04]} 25. Nh5 {[%emt 0:00:06]} Bd7
{[%emt 0:00:44]} 26. Bxg5 {[%emt 0:00:10]} fxg5 {[%emt 0:00:21]} 27. Qxg5
{[%emt 0:00:09]} Rdg8 {[%emt 0:00:05]} 28. Nxg7 {[%emt 0:00:55]} Rxh2+ {[%emt
0:00:06]} 29. Rxh2 {[%emt 0:00:08]} Rxg7 { [%emt 0:00:01]} 30. Qh5+ {[%emt
0:00:06]} Kf8 {[%emt 0:00:08]} 31. Qh8+ { [%emt 0:00:07]} Ng8 {[%emt 0:00:25]}
32. f6 {[%emt 0:00:05]} Rg6 {[%emt 0:00:12]} 33. Rh7 {[%emt 0:00:05]} Bxg4
{[%emt 0:00:29]} 34. Rg7 {[%emt 0:00:10] Offenba3-001 reconnected.} Bxf3+
{[%emt 0:01:21]} 35. Kxf3 {[%emt 0:00:03]} Rxf6+ {[%emt 0:00:16]} 36. Ke2
{[%emt 0:00:10]} Ke8 {[%emt 0:00:42]} 37. Qxg8+ {[%emt 0:00:10]} Rf8 {[%emt
0:00:05]} 38. Qe6+ {[%emt 0:00:04]} Kd8 {[%emt 0:00:04]} 39. Qd7# {[%emt
0:00:02]} 1-0

[Event "DSJ Weihnachtsturnier U16: Steinitz 2020"]
[Site ""]
[Date "2020.12.28"]
[Round "6"]
[White "Werner, Florin"]
[Black "Bangsa, Pandu"]
[Result "0-1"]
[Termination "normal"]
[Board "9.2"]
[WhiteElo "1533"]
[BlackElo "1457"]
[WhiteTeam "VSG 1880 Offenbach"]
[BlackTeam "SK Kelheim 1920"]
[PlyCount "48"]
[WhiteFideId "16250230"]
[BlackFideId "16297873"]
[EventRounds "7"]
[EventType "team-swiss"]
[EventDate "2020.12.28"]

1. e4 {[%emt 0:00:03]} e6 {[%emt 0:05:11]} 2. d4 {[%emt 0:00:15]} d5 {[%emt
0:00:07] Restarted W (13.20e) Restarted B (13.22e) OK OK} 3. exd5 {[%emt
0:00:01] } exd5 {[%emt 0:00:02]} 4. Bd3 {[%emt 0:00:12]} Nf6 {[%emt 0:00:04]}
5. c3 { [%emt 0:00:02]} Bd6 {[%emt 0:00:06]} 6. Nf3 {[%emt 0:00:13]} Bg4 {[%emt
0:00:03]} 7. O-O {[%emt 0:00:05]} Nc6 {[%emt 0:00:13]} 8. Re1+ {[%emt 0:00:06]}
Ne7 {[%emt 0:00:00]} 9. Bg5 {[%emt 0:00:04]} Qd7 {[%emt 0:00:28]} 10. Nbd2 {
[%emt 0:00:09]} h6 {[%emt 0:00:07]} 11. Bh4 {[%emt 0:00:26]} g5 {[%emt 0:00:03]
} 12. Bg3 {[%emt 0:00:05]} O-O-O {[%emt 0:00:09]} 13. a4 {[%emt 0:00:11]} Ng6 {
[%emt 0:00:11]} 14. b4 {[%emt 0:00:13]} Bxg3 {[%emt 0:00:06]} 15. fxg3 { [%emt
0:00:12]} h5 {[%emt 0:00:01]} 16. Qb3 {[%emt 0:00:17]} Bxf3 {[%emt 0:00:17]}
17. Nxf3 {[%emt 0:00:00]} h4 {[%emt 0:00:01]} 18. b5 {[%emt 0:00:21]} hxg3
{[%emt 0:00:10]} 19. h3 {[%emt 0:00:02]} Nf4 {[%emt 0:00:19]} 20. Bf1 {[%emt
0:00:20]} g4 {[%emt 0:00:13]} 21. a5 {[%emt 0:00:04]} gxh3 {[%emt 0:00:00]} 22.
gxh3 {[%emt 0:00:04]} Nxh3+ {[%emt 0:00:03]} 23. Bxh3 {[%emt 0:00:01]} Qxh3 {
[%emt 0:00:04]} 24. b6 {[%emt 0:00:24]} Qh1# {[%emt 0:00:04]} 0-1

[Event "DSJ Weihnachtsturnier U16: Steinitz 2020"]
[Site ""]
[Date "2020.12.28"]
[Round "6"]
[White "Eisenschink, Fabian"]
[Black "Bergmann, Lennart"]
[Result "0-1"]
[Termination "normal"]
[Board "9.3"]
[WhiteElo "795"]
[BlackElo "1505"]
[WhiteTeam "SK Kelheim 1920"]
[BlackTeam "VSG 1880 Offenbach"]
[PlyCount "94"]
[BlackFideId "16270657"]
[EventRounds "7"]
[EventType "team-swiss"]
[EventDate "2020.12.28"]

1. e4 {[%emt 0:00:06]} c5 {[%emt 0:00:02]} 2. Bc4 {[%emt 0:00:03]} Nf6 { [%emt
0:00:08]} 3. Nf3 {[%emt 0:00:07] Kelheim3-003 reconnected.} Nc6 {[%emt
0:00:22]} 4. Nc3 {[%emt 0:00:04]} d6 {[%emt 0:00:07]} 5. d3 {[%emt 0:00:10]} g6
{ [%emt 0:00:13]} 6. h3 {[%emt 0:00:09]} Bg7 {[%emt 0:00:03] Kelheim3-003
reconnected.} 7. Bg5 {[%emt 0:00:35]} O-O {[%emt 0:00:04]} 8. O-O {[%emt
0:00:03]} a6 {[%emt 0:00:02]} 9. Qd2 {[%emt 0:00:10]} b5 {[%emt 0:00:02]} 10.
Bd5 { [%emt 0:00:08] Kelheim3-003 reconnected. Kelheim3-003 reconnected.
Offenba3-003 reconnected.} Nxd5 {[%emt 0:01:11]} 11. exd5 {[%emt 0:00:06]} Ne5
{[%emt 0:00:08]} 12. Rfe1 {[%emt 0:00:10]} Nxf3+ {[%emt 0:00:08]} 13. gxf3 {
[%emt 0:00:04]} f6 {[%emt 0:00:06]} 14. Bh4 {[%emt 0:00:22]} Bxh3 {[%emt
0:00:16]} 15. Kh2 {[%emt 0:00:14]} Bd7 {[%emt 0:00:12]} 16. Kg2 {[%emt
0:00:05]} Re8 {[%emt 0:00:11]} 17. Rh1 {[%emt 0:00:05]} e6 {[%emt 0:00:11]} 18.
Ne4 {[%emt 0:00:05]} exd5 {[%emt 0:00:16]} 19. Bxf6 {[%emt 0:00:03]} Bxf6
{[%emt 0:00:47]} 20. Qh6 {[%emt 0:00:04]} dxe4 {[%emt 0:00:17]} 21. Qxh7+
{[%emt 0:00:02]} Kf8 { [%emt 0:00:02]} 22. Rh6 {[%emt 0:00:16]} Qe7 {[%emt
0:00:21]} 23. Qxg6 { [%emt 0:00:24]} Qg7 {[%emt 0:00:12] Offenba3-003
reconnected.} 24. Qxg7+ { [%emt 0:00:27]} Kxg7 {[%emt 0:00:08]} 25. Rah1 {[%emt
0:00:02]} exf3+ {[%emt 0:00:02]} 26. Kxf3 {[%emt 0:00:04]} Bc6+ {[%emt
0:00:01]} 27. Kg3 {[%emt 0:00:03] } Bxh1 {[%emt 0:00:02]} 28. Rxh1 {[%emt
0:00:04]} Rh8 {[%emt 0:00:04]} 29. Rg1 {[%emt 0:00:04]} Kf7 {[%emt 0:00:07]}
30. Kg2 {[%emt 0:00:08]} Rhg8+ {[%emt 0:00:02]} 31. Kf1 {[%emt 0:00:04]} Rxg1+
{[%emt 0:00:00]} 32. Kxg1 {[%emt 0:00:01]} Bxb2 {[%emt 0:00:00]} 33. Kf1 {[%emt
0:00:10]} Re8 {[%emt 0:00:04]} 34. f4 {[%emt 0:00:23]} Kf6 {[%emt 0:00:02]} 35.
Kf2 {[%emt 0:00:03]} Kf5 {[%emt 0:00:01]} 36. Kf3 {[%emt 0:00:01]} c4 {[%emt
0:00:04]} 37. d4 {[%emt 0:00:07]} Bxd4 {[%emt 0:00:03]} 38. Kg3 {[%emt
0:00:02]} b4 {[%emt 0:00:02]} 39. a4 {[%emt 0:00:05]} bxa3 {[%emt 0:00:02]} 40.
Kf3 {[%emt 0:00:03]} Re6 {[%emt 0:00:02]} 41. Kg2 {[%emt 0:00:03]} a2 {[%emt
0:00:02]} 42. c3 {[%emt 0:00:07]} Bxc3 {[%emt 0:00:01]} 43. Kf3 {[%emt
0:00:02]} a1=Q {[%emt 0:00:03]} 44. Kg3 {[%emt 0:00:08]} Re3+ {[%emt 0:00:02]}
45. Kf2 {[%emt 0:00:02]} Qe1+ {[%emt 0:00:12]} 46. Kg2 { [%emt 0:00:03]} Qd2+
{[%emt 0:00:00]} 47. Kf1 {[%emt 0:00:03]} Re1# {[%emt 0:00:00]} 0-1

[Event "DSJ Weihnachtsturnier U16: Steinitz 2020"]
[Site ""]
[Date "2020.12.28"]
[Round "6"]
[White "Dixon Quiroz, Laura Michaela"]
[Black "Usik, Maxim"]
[Result "1-0"]
[Termination "time forfeit"]
[Board "9.4"]
[WhiteElo "1304"]
[BlackElo "1467"]
[WhiteTeam "VSG 1880 Offenbach"]
[BlackTeam "SK Kelheim 1920"]
[PlyCount "55"]
[WhiteFideId "16248708"]
[BlackFideId "16222075"]
[EventRounds "7"]
[EventType "team-swiss"]
[EventDate "2020.12.28"]

1. e4 {[%emt 0:00:03]} e5 {[%emt 0:00:03]} 2. Nf3 {[%emt 0:00:03]} Nc6 { [%emt
0:00:06]} 3. Bc4 {[%emt 0:00:02]} Nf6 {[%emt 0:00:02]} 4. d3 {[%emt 0:00:12]}
d6 {[%emt 0:00:13]} 5. c3 {[%emt 0:00:10]} Bg4 {[%emt 0:00:07]} 6. Nbd2 { [%emt
0:00:19]} Be7 {[%emt 0:00:05]} 7. h3 {[%emt 0:00:06]} Bh5 {[%emt 0:00:06] } 8.
Nf1 {[%emt 0:00:18]} O-O {[%emt 0:00:50]} 9. Ng3 {[%emt 0:00:09]} Bg6 { [%emt
0:00:14]} 10. Be3 {[%emt 0:00:12]} d5 {[%emt 0:00:05]} 11. exd5 {[%emt
0:00:57]} Nxd5 {[%emt 0:00:06]} 12. O-O {[%emt 0:00:13]} Re8 {[%emt 0:00:39]}
13. Re1 {[%emt 0:00:18]} Bf6 {[%emt 0:00:37]} 14. Bb5 {[%emt 0:00:29]} Qd6 {
[%emt 0:00:26]} 15. Ne4 {[%emt 0:00:24]} Qe6 {[%emt 0:00:11]} 16. Nfg5 { [%emt
0:00:33]} Qd7 {[%emt 0:00:48]} 17. Nf3 {[%emt 0:00:39]} a6 {[%emt 0:00:07]} 18.
Bc4 {[%emt 0:00:12]} b5 {[%emt 0:00:04]} 19. Bb3 {[%emt 0:00:16]} Nce7 {[%emt
0:01:32]} 20. Nxf6+ {[%emt 0:01:27]} Nxf6 {[%emt 0:00:05]} 21. Nxe5 { [%emt
0:00:06]} Qd6 {[%emt 0:00:34]} 22. Bf4 {[%emt 0:00:21]} Ned5 {[%emt 0:01:17]}
23. Qd2 {[%emt 0:00:37]} Bf5 {[%emt 0:01:52]} 24. d4 {[%emt 0:00:33]} Ne4
{[%emt 0:00:14]} 25. Qd1 {[%emt 0:00:39]} Nxf4 {[%emt 0:00:18]} 26. Bxf7+ {
[%emt 0:00:22]} Kh8 {[%emt 0:00:06]} 27. Bxe8 {[%emt 0:00:06]} Rxe8 {[%emt
0:00:02]} 28. Nf7+ {[%emt 0:00:13] TimeB} 1-0

[Event "DSJ Weihnachtsturnier U16: Steinitz 2020"]
[Site ""]
[Date "2020.12.28"]
[Round "6"]
[White "Bayer, Michael"]
[Black "Wunsch, Louis"]
[Result "0-1"]
[Termination "normal"]
[Board "10.1"]
[WhiteElo "1191"]
[BlackElo "1649"]
[WhiteTeam "TSV Solln"]
[BlackTeam "SG Rochade Kuppenheim 1979"]
[PlyCount "108"]
[WhiteFideId "16245857"]
[BlackFideId "34635777"]
[EventRounds "7"]
[EventType "team-swiss"]
[EventDate "2020.12.28"]

1. e4 {[%emt 0:00:07]} c6 {[%emt 0:00:15]} 2. Nc3 {[%emt 0:00:06]} d5 {[%emt
0:00:02]} 3. d3 {[%emt 0:00:08]} d4 {[%emt 0:00:29]} 4. Nce2 {[%emt 0:00:04]}
e5 {[%emt 0:00:03]} 5. Nf3 {[%emt 0:00:03]} Nd7 {[%emt 0:00:40]} 6. g3 {[%emt
0:00:05]} Ne7 {[%emt 0:00:12]} 7. Bg2 {[%emt 0:00:08]} f5 {[%emt 0:00:04]} 8.
c3 {[%emt 0:00:14]} c5 {[%emt 0:00:24]} 9. Nh4 {[%emt 0:00:23]} g6 {[%emt
0:01:15] } 10. Bg5 {[%emt 0:00:15]} Qb6 {[%emt 0:00:37]} 11. Qc1 {[%emt
0:00:31]} Nb8 { [%emt 0:01:12]} 12. Bf6 {[%emt 0:00:21]} Qxf6 {[%emt 0:00:13]}
13. cxd4 { [%emt 0:00:09]} cxd4 {[%emt 0:00:15]} 14. exf5 {[%emt 0:00:05]} gxf5
{[%emt 0:00:19]} 15. O-O {[%emt 0:00:18]} Nbc6 {[%emt 0:00:16]} 16. Bxc6+
{[%emt 0:00:08]} Nxc6 {[%emt 0:00:00]} 17. f4 {[%emt 0:00:22]} Rg8 {[%emt
0:00:09]} 18. fxe5 {[%emt 0:00:05]} Qxh4 {[%emt 0:00:11]} 19. Rf4 {[%emt
0:00:44]} Qe7 { [%emt 0:00:24]} 20. Nxd4 {[%emt 0:00:18]} Nxd4 {[%emt 0:00:23]}
21. Rxd4 { [%emt 0:00:03]} Qxe5 {[%emt 0:00:06]} 22. Rc4 {[%emt 0:00:28]} Be6
{[%emt 0:00:32]} 23. Rc3 {[%emt 0:00:15]} f4 {[%emt 0:00:11]} 24. Kf1 {[%emt
0:00:08]} Bh3+ {[%emt 0:00:05]} 25. Kf2 {[%emt 0:00:10]} fxg3+ {[%emt 0:00:02]}
26. Kf3 { [%emt 0:00:07]} Qf5+ {[%emt 0:00:29]} 27. Qf4 {[%emt 0:00:08]} Qxf4+
{[%emt 0:00:22]} 28. Kxf4 {[%emt 0:00:01]} g2 {[%emt 0:00:08]} 29. Re1+ {[%emt
0:00:09]} Kd8 {[%emt 0:00:07]} 30. Rcc1 {[%emt 0:00:04]} Rg4+ {[%emt 0:00:05]}
31. Kf3 { [%emt 0:00:05]} Bh6 {[%emt 0:00:08]} 32. Rcd1 {[%emt 0:00:06]} Kd7
{[%emt 0:00:08]} 33. b3 {[%emt 0:00:18]} Rf8+ {[%emt 0:00:02]} 34. Ke2 {[%emt
0:00:03]} Re8+ {[%emt 0:00:12]} 35. Kf2 {[%emt 0:00:03]} Rxe1 {[%emt 0:00:05]}
36. Rxe1 { [%emt 0:00:01]} g1=Q+ {[%emt 0:00:03]} 37. Rxg1 {[%emt 0:00:02]}
Be3+ {[%emt 0:00:07]} 38. Kxe3 {[%emt 0:00:06]} Rxg1 {[%emt 0:00:01]} 39. Kd4
{[%emt 0:00:01] } Ra1 {[%emt 0:00:02]} 40. a4 {[%emt 0:00:02]} Ra2 {[%emt
0:00:02]} 41. Kc4 { [%emt 0:00:02]} Rxh2 {[%emt 0:00:01]} 42. d4 {[%emt
0:00:01]} Be6+ {[%emt 0:00:01]} 43. d5 {[%emt 0:00:01]} Rh4+ {[%emt 0:00:01]}
44. Kc5 {[%emt 0:00:02]} Rh5 {[%emt 0:00:02]} 45. b4 {[%emt 0:00:05]} Rxd5+
{[%emt 0:00:01]} 46. Kc4 { [%emt 0:00:01]} h5 {[%emt 0:00:05]} 47. b5 {[%emt
0:00:01]} h4 {[%emt 0:00:01]} 48. Kb4 {[%emt 0:00:01]} h3 {[%emt 0:00:01]} 49.
a5 {[%emt 0:00:01]} h2 { [%emt 0:00:01]} 50. a6 {[%emt 0:00:01]} b6 {[%emt
0:00:02]} 51. Kc4 {[%emt 0:00:02]} h1=Q {[%emt 0:00:02]} 52. Kb4 {[%emt
0:00:01]} Qb1+ {[%emt 0:00:02]} 53. Ka4 {[%emt 0:00:01]} Rd4+ {[%emt 0:00:02]}
54. Ka3 {[%emt 0:00:01]} Qb3# { [%emt 0:00:02]} 0-1